| 000 | 00570nam a2200181 4500 | ||
|---|---|---|---|
| 001 | 8684 | ||
| 005 | 20230410103907.0 | ||
| 008 | 060907n1996 dr spa | ||
| 020 | _a0198288026 | ||
| 035 | _9funglode8757 | ||
| 041 | _aEN | ||
| 050 | 1 | 4 | _a417 HC 465 O22t 1996 |
| 100 | _aOdagiri, Hiroyuki | ||
| 245 | 1 |
_aTechnology and industrial development in Japan : _bbuilding capabilities by learning, innovation, and public policy / _cHiroyuki Odagiri, Akira Goto |
|
| 260 |
_aNew York: clarendon press, _c1996 |
||
| 300 | _aXIII, 309 p | ||
| 942 |
_2lcc _cbk |
||
| 999 |
_c27909 _d27909 |
||